| 000 | 00000nam##2200000za#4500 |
| 001 | 9.699426 |
| 003 | CaOODSP |
| 005 | 20210625000357 |
| 007 | cr ||||||||||| |
| 008 | 150407|2006||||xxc|||||o f|0| 0 eng|d |
| 040 | |aCaOODSP|beng |
| 043 | |an-cn--- |
| 086 | 1 |aH21-284/2006E-PDF |
| 110 | 1 |aCanada. |bHealth Canada. |
| 245 | 10|aPest Management Regulatory Agency (PMRA), Quebec region |h[electronic resource] |
| 260 | |aOttawa - Ontario : |bHealth Canada |cc2007. |
| 300 | |a1p. |
| 500 | |aThe catalogue number (H21-284/2006) and ISBN (978-0-662-49738-7) for the bilingual print edition have been incorrectly copied in this electronic publication. |
| 590 | |a14-12-Supp|b2014-05-30 |
| 690 | 07|aPesticides|2gcpds |
| 690 | 07|aRegulation|2gcpds |
| 775 | 08|tL'Agence de réglementation de la lutte antiparasitaire (ARLA), région du Québec |w(CaOODSP)9.643418 |
| 856 | 40|ahttp://publications.gc.ca|qPDF|s1.95 MB|uhttps://publications.gc.ca/collections/collection_2014/sc-hc/H21-284-2006-eng.pdf |